MARC

LEADER 00000nam a2200000Ia 4500
001 1436
003 BGR
005 20260324175310.0
008 160829s9999 xx 000 0 cat d
080 |a P-1-15 
100 |a Roca i Balasch, Josep  |9 25533 
245 |a Tiempo de reacción y deporte / Josep Roca Balasch 
260 |a Esplugues de Llobregat :  |b Generalitat de Catalunya :  |b Institut Nacional d'Educació Física, DL 1983 
300 |a 119 p. :  |b  il. ;  |c 21 cm 
590 |a A la part superior de la portada: Generalitat de Catalunya. Departament de la Presidència. 
650 |a Esports  |x Aspectes psicològics  |9 25534 
710 1 |a Catalunya.  |b Generalitat  |9 12125 
710 |a Institut Nacional d'Educació Física de Catalunya  |9 62801 
901 |a Arxiu 
942 |n 1  |2 udc  |c MON 
952 |0 0  |1 0  |4 0  |6 P115  |7 1  |9 43663  |a Arxiu  |b Arxiu  |d 2016-12-01  |l 0  |o P-1-15  |p 1436  |r 2016-12-01 00:00:00  |w 2016-12-01  |y ARXIU 
999 |c 46211  |d 46211